000 00209nam a2200097Ia 4500
008 170619s9999 xx 000 0 und d
100 _aSuh- Nam Pyo
245 0 _aAxiomatic Design
260 _bOxford
260 _c2010
546 _aENGLISH
999 _c20809
_d20809